| 000 | 00395cam a22001337a 4500 | ||
|---|---|---|---|
| 008 | 180718b1966 xxu||||| |||| 00| 0 eng d | ||
| 082 | _aC3x54 G346 | ||
| 100 | _aGhosh, Pratap Kumar | ||
| 245 |
_aConstitution of India: how it has been framed _cby Pratap Kumar Ghosh |
||
| 260 |
_aCalcutta _bWorld Press _c1966 |
||
| 300 | _a427p. | ||
| 500 | _aRs.18.00 | ||
| 650 | _aConstitutional history --India | ||
| 999 |
_c366300 _d366300 |
||